000 02183cam a22004454i 4500
003 PE-LiUPU
005 20250731172714.0
008 150617s1977 miu r 000 0 eng d
035 _a(Sirsi) a10721
040 _aPE-LiUPU
_bspa
_cPE-LiUPU
_erda
049 _aPRUA
082 0 4 _a227.1
_bS31
_221
100 1 _aSchaal, Juan H.,
_eautor.
245 1 3 _aEl camino real de Romanos: un estudio de la Epístola de Romanos /
_cJuan H. Schaal.
264 1 _aMichigan :
_bSubcomisión Literatura Cristiana de la Iglesia Cristiana Reformada,
_c1977.
300 _a147 páginas ;
_c22 centímetros
336 _atext
_2rdacontent
337 _aunmediated
_2rdamedia
338 _avolume
_2rdacarrier
505 0 _a"Con diligencia preséntate a Dios aprobado" -- El libro - Su autor - Los lectores - El tema - Bosquejo -- El hombre sabe que necesita a Dios -- Juzgados y hallados faltos -- Privilegio - pero no perdón - a causa del pecado -- Abraham y David justificados por fe -- Paz con Dios; sus beneficios y gozos -- Viviendo la vida santificada, poseyendo la justificación -- La regla para la vida y la conducta cristiana -- Ni condenación ni separación -- La soberanía de Dios en sus relaciones con Israel -- El único camino de salvación proclamado -- ¡Sí, hay un futuro para los Judíos! -- ¡Sacrificios vivos! -- La conducta que debemos tener hacia el gobierno y el Prógimo -- En la debilidad hechos fuertes.
526 _aSEG42
526 _aSEG41
526 _aSEG40
526 _aSEG39
526 _aP94
526 _aP87
526 _aP86
526 _aP85
526 _aP77
526 _aP76
526 _aP35
630 _aBiblia
_pN.T.
_pRomanos
_xComentarios.
910 _ajck
_bjvq
_cjck
_d20150616
942 _2ddc
_cBOOK
949 _a227.1 S31
_wDEWEY
_c1
_i21089
_lCCODEBUL1
_mBUL
_p40.00
_r0
_sY
_tBOOK
_u19821020
_xTEOLOGIA
_PP35
_0COMPRA
_o.STAFF. Colección Teología
994 _aC0
_bPEPRU
596 _a1
999 _a227.1 S31
_wDEWEY
_c797
_i21089
_d797
_f2021-11-9
_g5
_lCCODEBUL1
_mBUL
_p40.00
_q1
_r0
_sY
_tBOOK
_u2015-6-17
_xTEOLOGIA
_PP35
_0COMPRA
_o.STAFF. Colección Teología
980 _81
_gALBERTO SANCHEZ Responsable de Automatización